000 01672nam0a22003371 4500
001 rc\3930121
005 20260406090507.0
021 _aRU
_b[47-19240]
035 _a(NLR Aleph) 008031743
090 _a8825446
_c8825446
100 _a20130415d1947 |||y0rusy50 ca
101 0 _arus
102 _aRU
105 _aa z |||||
200 1 _aГеология района Литвинцевской структуры и ее возможная нефтеносность
210 _aИркутск
_c1-я гостиполит.
_d1947
215 _a40 с., 9 л. ил.
_d19
225 1 _aМинистерство нефтяной промышленности восточных районов СССР. Восточно-Сибирский геолого-разведочный трест. Материалы по поискам нефти в Восточной Сибири
_vВып. 1
300 _aПеред загл. авт.: А.А. Арсеньев и Е.А. Нечаева
320 _aБиблиогр.: с. 40 (17 назв.)
606 _aГеология
_yВосточная Сибирь
_2psbo
606 _aНефть
_xПоиски и разведка
_yВосточная Сибирь
_2psbo
606 _aНефтеносные районы
_yВосточная Сибирь
_2psbo
700 1 _aАрсеньев
_bА. А.
_f1907-
_gАлексей Александрович
701 1 _7ca
_8rus
_aНечаева
_bЕ. А.
_cгеолог
_gЕлена Анатольевна
_3RU\NLR\AUTH\770281039
_92653006
801 0 _aRU
_bNLR
_gpsbo
801 1 _aRU
_bELAR
_2rusmarc
852 _aNLR
_jГн02 Г-4/135-1
942 _cBOOK
980 _aNB